| 000 | 00784nam a2200241 a 4500 | ||
|---|---|---|---|
| 001 | 000032379 | ||
| 003 | OSt | ||
| 005 | 20250621074008.0 | ||
| 008 | 110715s1800 dr r 000 0 spa d | ||
| 040 |
_aDO-SdBNP _bspa _cBNPHU |
||
| 082 | 4 |
_a320.97293 _bM516c |
|
| 100 | 1 |
_aMejía, Arturo E. _99656 |
|
| 245 | 1 | 0 |
_aComentarios internacionales y nacionales de "La voz dominicana" / _cArturo E. Mejia. |
| 260 |
_aCiudad Trujillo, República Dominicana : _bCaribe, _c[1950?]. |
||
| 300 |
_av. ; _c22 cm. |
||
| 500 | _aLa Biblioteca posee el tomo 1 | ||
| 590 | _aInventariado, 2018/BT | ||
| 650 | 4 |
_aComunismo _92880 |
|
| 650 | 4 |
_aRadiojornalismo _977397 |
|
| 651 | 0 |
_aRepública Dominicana _xPolítica y gobierno _945 |
|
| 910 | _aValidado. Control de calidad MFF | ||
| 942 |
_2ddc _cLBS1 |
||
| 999 |
_c31870 _d31870 |
||